La Cartuja de Granada /

Descripción arquitectónica del monasterio español la Cartuja, edificado a principios del siglo XVI (1514-1515). Lo más destacable de esta obra arquitectónica es su templo barroco, con lienzos pintados por Sánchez Cotán. De arquitectura más recargada están la Capilla del Sagrario y la sacristía, cuyo...

Descrición completa

Gardado en:
Detalles Bibliográficos
Autor Principal: Orozco Díaz, Emilio (autor)
Formato: Libro
Idioma:Lingua castelá
Publicado: León, España : Everest, 1989, c1980
Edición:2a edición
Series:(Colección Ibérica Everest)
Temas:
Etiquetas: Engadir etiqueta
Sen Etiquetas, Sexa o primeiro en etiquetar este rexistro!

MARC

LEADER 00000nam^a2200000^a^4500
001 000184767
005 20250521000000.0
009 20260310102126.873
037 |a Acervo ITESO - Biblioteca 
041 |a ESP 
082 |a 720. 9468203  |b ORO 
100 |a Orozco Díaz, Emilio  |e (autor) 
245 1 3 |a La Cartuja de Granada /  |c E. Orozco Díaz ; fotografía de Oronoz. 
250 |a 2a edición 
264 4 |a León, España :  |b Everest,  |c 1989, c1980 
300 |a 94 p. 
336 |a texto  |b txt  |2 rdacontenido 
337 |a sin mediación  |b n  |2 rdamedio 
338 |a volumen  |b nc  |2 rdasoporte 
440 1 |a (Colección Ibérica Everest) 
520 |a Descripción arquitectónica del monasterio español la Cartuja, edificado a principios del siglo XVI (1514-1515). Lo más destacable de esta obra arquitectónica es su templo barroco, con lienzos pintados por Sánchez Cotán. De arquitectura más recargada están la Capilla del Sagrario y la sacristía, cuyo rebuscamiento contrasta con la austeridad del monasterio. 
649 |a XX 
650 |a Conventos y Monasterios -  |z Granada, España -  |x Tema Principal 
650 |a Conventos y Monasterios -  |z España 
650 |a Arquitectura Religiosa -  |x Historia y Crítica 
650 |a Arquitectura Barroca -  |x Historia y Crítica 
650 |a Arquitectura Española -  |x Historia y Crítica 
650 |a Arte Religioso -  |x Historia y Crítica 
650 |a Arte Barroco -  |x Historia y Crítica 
650 |a Arte Español -  |x Historia y Crítica 
650 |a España -  |x Historia -  |y Carlos I, 1516-1556 
910 |a Fondo Julio de la Peña Lomelín 
920 |a Impresos - Libros 
930 |a Arquitectos Jaliscienses 
905 |a 115 
901 |a 0500125860  |b IT1  |c JAL  |u 20250521 
902 |a https://opac.biblio.iteso.mx/vufind/Record/000184767